000 00841cam a22001934a 4500
005 20250605164105.0
008 250528s ||||||||||||||||||||||||d
035 _a17696
020 _a9780495602309
040 _aGR-AtMCL
_bgre
_dGR-AtMCL
_eAACR2
245 1 _aCognition / Theories and Applications
260 _bWadsworth Cengage Learning,
_c2007
300 _a424
520 _aInformation-Processing Stages, Introduction, Pattern Recognition, Attention, Short-Term Working Memory, Long-Term Memory, Representation and Organization of Knowledge, Memory Codes, Visual Images, Categorization, Semantic Organization, Complex Cognitive Skills, Language, Comprehension and Memory for Text, Problem Solving, Expertise and Creativity, Decision Making.
700 1 _aReed Stephen K
_93877
942 _cBK
999 _c3098
_d3098